Rice brown plant hopper, ( មមាចត្តោតលើដំណាំស្រូវ) (Record no. 295)

000 -LEADER
fixed length control field 00450nam a22001577a 4500
003 - CONTROL NUMBER IDENTIFIER
control field OSt
005 - DATE AND TIME OF LATEST TRANSACTION
control field 20150912120418.0
008 - FIXED-LENGTH DATA ELEMENTS--GENERAL INFORMATION
fixed length control field 150912b xxu||||| |||| 00| 0 eng d
040 ## - CATALOGING SOURCE
Transcribing agency RUA
082 ## - DEWEY DECIMAL CLASSIFICATION NUMBER
Classification number AGR HEN 1996 BOO17 Or.1
100 ## - MAIN ENTRY--PERSONAL NAME
9 (RLIN) 315
Personal name HENG, CHHUN HY
245 ## - TITLE STATEMENT
Title Rice brown plant hopper, ( មមាចត្តោតលើដំណាំស្រូវ)
260 ## - PUBLICATION, DISTRIBUTION, ETC. (IMPRINT)
Place of publication, distribution, etc. phnom phen
Name of publisher, distributor, etc. RUA
Date of publication, distribution, etc. 1996
300 ## - PHYSICAL DESCRIPTION
Extent 87p.
Other physical details ill.
Dimensions 29cm.
942 ## - ADDED ENTRY ELEMENTS (KOHA)
Source of classification or shelving scheme
Koha item type AGR
Holdings
Price effective from Date last seen Permanent Location Not for loan Date acquired Source of classification or shelving scheme Koha item type Lost status Withdrawn status Date last checked out Total Checkouts Shelving location Damaged status Barcode Current Location Full call number
2015-09-122015-09-12Library Block B 2015-09-12 AGR    B017 RUA008782Library Block BAGR HEN 1996 BO17 Or.1
2015-09-122015-09-12Library Block B 2015-09-12 AGR    B017 RUA009812Library Block BAGR HEN 1996 BO17 Or.2
2015-09-122019-07-01Library Block B 2015-09-12 AGR  2019-06-211B017 RUA003529Library Block BAGR HEN 1996 BO17 Or.3
2016-10-272018-08-07Library Block B 2016-10-27 AGR  2018-07-251B017 A00776Library Block BAGR HEN 1996 B017 Or.4
មជ្ឈមណ្ឌលឯការនៃសាកលវិទ្យាល័យភូមិន្ទកសិកម្មចំការដូង

Powered by Koha